000 00609nam a2200229Ia 4500
003 0100
008 130307s9999 xx 000 0 und d
020 _a9171063056
040 _cARRUPELIB
050 _aHT395.A3S48 1990
245 _aSmall town Africa
245 _bstudies in rural-urban interaction
260 _aUppsala
260 _bThe Scandinavian Institute of African Studies
260 _c1990
300 _a268p.
300 _b23cm
440 _aSeminar Proceedings no. 23
650 _bCatholic Church-Relations - Ecumenical movement
700 _aBaker, Jonathan (ed.)
942 0 0 _02
999 _c99615
_d99615